000
00180nam a22000977a 4500
003
44
005
20220326193258.0
008
140630b
040
_c
ñakalñañaña
245
_a
Ñáñañáóél
999
_c
255
_d
255